000 nam a22 4500
999 _c15050
_d15048
003 00
005 20210112142233.0
008 910
020 _a0 13 907452 X
040 _c00
245 _aIntroduction to Geography
_bPeople, Places and Environment
_cBergman, Edward F.
260 _aNew Jersey
_bPrentice-Hall, Inc.
_c1999
300 _a27.5 cm
942 _2ddc
_cCIRC
_h910 BER
_i30044